| 000 | 01071nam a2200265Ia 4500 | ||
|---|---|---|---|
| 003 | OSt | ||
| 005 | 20221005111024.0 | ||
| 006 | a|||||r|||| 00| 0 | ||
| 007 | ta | ||
| 008 | 221004b |||||||| |||| 00| 0 hin d | ||
| 020 |
_a9788171193134 (hbk) _c900 |
||
| 024 | _a17647 | ||
| 037 |
_bSP/3820, 25/03/2015, Star Publications Pvt. Ltd. _cTextual |
||
| 040 |
_aCRL _cCRL _bhin |
||
| 041 |
_2hin _ahin |
||
| 082 | _aO152,2M89:g, N7;Q3 | ||
| 100 |
_aतनेजा, सत्येन्द्र कुमार, संपा. _9624157 |
||
| 245 | 0 | _aनाटककार जयशंकर प्रसाद | |
| 246 | _aNāṭakakār jayashankar prasāda | ||
| 260 |
_aनई दिल्ली _bराधाकृष्ण भारत _c2013 |
||
| 300 |
_a572पृ0 _ccm. |
||
| 650 | _aहिन्दी साहित्य | ||
| 942 |
_hO152,2M89:g, N7;Q3 _cTEXL _2cc |
||
| 999 |
_c1020580 _d1020580 |
||